000 00886cam a2200241 a 4500
005 20260322212022.0
008 data
010 _a 2007021595
020 _a9780674026100 (cloth: alk. paper : alk. paper)
020 _a0674026101 (cloth: alk. paper : alk. paper)
040 _aDLC
_cDLC
_dDLC
_dBTCTA
_dC#P
_dYDXCP
_dDLC
050 0 0 _aQM451
_b.B35 2008
082 0 0 _a611/.8
_222
092 _a611.8 B35 2008
100 1 _aBainbridge, David.
245 1 0 _aBeyond the zonules of Zinn :
_ba fantastic journey through your brain /
_cDavid Bainbridge.
260 _aCambridge, Mass. :
_bHarvard University Press,
_c2008.
300 _aviii, 338 p. :
_bill. ;
_c25 cm.
504 _aIncludes bibliographical references (p. [317]-322) and index.
650 0 _aNeuroanatomy
_vPopular works.
856 4 1 _3Table of contents only
_uhttp://www.loc.gov/catdir/toc/ecip0718/2007021595.html
001 data
999 _c498
_d498